|
|
|
|
| LEADER |
01530nam a2200361Ia 4500 |
| 001 |
9781134743872 |
| 003 |
FlBoTFG |
| 005 |
20100930121849.0 |
| 006 |
a|||||s||||||||||| |
| 007 |
cr|||| |
| 008 |
100730s2002 enk sb 001 0 eng d |
| 020 |
|
|
|a 9780203442524 (e-book : PDF)
|
| 040 |
|
|
|a FlBoTFG
|c FlBoTFG
|d GrThAP
|
| 043 |
|
|
|a ff-----
|a e------
|a aw-----
|
| 090 |
|
|
|a HQ1136
|b .G78 2002
|
| 092 |
|
|
|a 305.40945632
|b G885
|
| 100 |
1 |
|
|a Grubbs, Judith Evans.
|
| 245 |
1 |
0 |
|a Women and the law in the Roman Empire
|h [electronic resource] :
|b a sourcebook on marriage, divorce and widowhood /
|c Judith Evans Grubbs.
|
| 260 |
|
|
|a London :
|b Routledge,
|c 2002.
|
| 300 |
|
|
|a xxiv, 349 p. ;
|c [ca. 23-29] cm.
|
| 504 |
|
|
|a Includes bibliographical references (p. [327]-336) and indexes.
|
| 505 |
0 |
|
|a 1. The status of women in Roman law -- 2. Marriage in Roman law and society -- 3. Prohibited and non-legal unions -- 4. Divorce and its consequences -- 5. Widows and their children.
|
| 530 |
|
|
|a Also available in print edition.
|
| 533 |
|
|
|a Electronic reproduction.
|b [London, Eng. :
|b Taylor and Francis,
|d 2010].
|n PDF file created from digital scan of print book.
|
| 650 |
|
0 |
|a Women
|z Rome
|x History.
|
| 651 |
|
0 |
|a Rome
|x Social life and customs.
|
| 651 |
|
0 |
|a Rome
|x History
|y Empire, 30 B.C.-476 A.D.
|
| 655 |
|
7 |
|a Electronic books.
|2 lcsh
|
| 776 |
1 |
|
|z 9780415152419
|
| 776 |
1 |
|
|z 9780415152402
|
| 776 |
1 |
|
|z 0415152402
|
| 776 |
1 |
|
|z 0415152410
|
| 856 |
4 |
0 |
|u http://www.tandfebooks.com/isbn/9780203442524
|z Full Text via HEAL-Link
|